A football team for each European country - Statistics

General Stats
  • This quiz has been taken 18 times
    16 since last reset
  • The average score is 22 of 47
Answers on the Map
Answers color-coded by a green-red scale on the quiz's map according to % correct below.
 
Answer Stats
Answer % Correct
AS de Monaco
91%
Botev Plovdiv
82%
West Ham United
82%
Admira Wacker Mödling
73%
Chornomorets Odesa
73%
Cremonese
73%
Hajduk Split
73%
Real Betis Balompié
73%
Valletta FC
73%
VfB Stuttgart 1893
73%
Zimbru Chișinău
73%
Athlītikī Enōsis Kōnstantinoupoleōs
64%
Nordsjælland
64%
Raków Częstochowa
64%
Royal Union Saint-Gilloise
64%
Anorthōsī Ammochōstou
55%
Göztepe
55%
Shamrock Rovers
55%
Universitatea Craiova
55%
Žalgiris
55%
Debreceni Vasutas
45%
En avant de Guingamp
45%
Flamurtari Vlorë
45%
Knattspyrnufélagið Fram
45%
Rappresentativa Ospedale Pediatrico Bambino Gesù
45%
Sigma Olomouc
45%
Zrinjski Mostar
45%
Alania Vladikavkaz
36%
Hammarby Idrottsförening
36%
Leixões
36%
Neuchâtel Xamax
36%
Rudar Velenje
36%
Belšyna Babrujsk
27%
Čelik Nikšić
27%
Dukla Banská Bystrica
27%
Flora
27%
Spartaks Jūrmala
27%
Tre Penne
27%
Vålerenga Fotball
27%
FC Rapid Mansfeldia Hamm Benfica
18%
Feronikeli 74
18%
Fortuna '54
18%
Lusitans la Posa
18%
Myllykosken Pallo -47
18%
Vardar 1947
18%
Balzers
9%
Jagodina
9%
No matching quizzes found
Score Distribution
Percent of People with Each Score
Percentile by Number Answered
Your Score History
You have not taken this quiz since the last reset